000 00796nam a2200241Ia 4500
003 OSt
005 20220923212910.0
006 a|||||r|||| 00| 0
007 ta
008 220922b |||||||| |||| 00| 0 hin d
024 _a156,738
037 _cTextual
040 _aARTS
_cARTS
_bhin
041 _2hin
_ahin
082 _aO152:gxN371,1, M2
100 _aनवल, नंद किशोर
245 0 _aप्रेमचंद का सौन्दर्य शास्त्र
246 _aPremachanda kā saundarya shāstra
260 _aहापुड़
_b सम्भावना प्रकाशन
_c1982
300 _a158 पृ.
_ccm.
942 _hO152:gxN371,1, M2
_cTEXL
_2CC
999 _c311994
_d311994